Регионална библиотека "Любен Каравелов" - Русе

Манастирски библиотеки в южнославянските земи и Русия през XIV-XVI век (Запис номер 471066)

MARC детайли
000 -Лидер
Контролно поле с фиксирана дължина 01816nam a2200397 c 4500
003 - Код на организацията, давaща контролен номер
Контролно поле BLK
005 - Дата и час на последна редакция
Контролно поле 20220819113914.0
008 - Елементи от данни с фиксирана дължина
fixed length control field 180408b bul|||||r ||||||| ||bul||
020 ## - Международен стандартен номер на книга ISBN
Международен стандартен номер на книга ISBN 978-954-9787-48-1
040 ## - Източник на каталожния запис
Идентификатор на билиотеката - собственик на записа BLK
041 ## - Код за език
Код за езика на текст/звукозапис или на отделно заглавие Български
Код за езика КДБФ Български
080 ## - УДК
Текстов определител УДК Специални библиотеки
УДК код - определител по УДК 026
УДК определител :271-788(497)"13/15"(083.824)
УДК - код + определител 026:271-788(497)"13/15"(083.824)
080 ## - УДК
Текстов определител УДК Специални библиотеки
УДК код - определител по УДК 026
УДК определител :27-788(470)"13/15"(083.824)
УДК - код + определител 026:27-788(470)"13/15"(083.824)
139 ## - Редно поле
Редна дума Манастирски библиотеки в южнославянските земи и Русия през XIV-XVI век
245 10 - Сведения за заглавието
Заглавие Манастирски библиотеки в южнославянските земи и Русия през XIV-XVI век
Подзаглавни данни Каталог от изложба, [Галерия на открито в Градската градина, 10-24 май 2021, София]
Редно поле (дума) текст, състав. Марко Скарпа и др.
246 ## - Различни форми на заглавието
Паралелно заглавие Monastery libraries in the South Slavic lands and Russia in the 14th-16th c.
257 ## - Страна на издаване
Страна на създаване/издаване България
260 ## - Област на издателските данни
Име на издателя, разпространителя и проч. Кирило-Методиевски науч. център. БАН
Година на издаване 2021
9 (RLIN) 210080
Място на издаване, разпространение и проч. София
Издателство - префикс ISBN 954-9787-
300 ## - Физическа характеристика
Страници 37 с.
Илюстрации и др. с цв. ил.
Размери/Мащаб 30х30 см
380 ## - Жанр
Жанр Общ отдел
500 ## - Общи забележки
Забележка Загл. и на англ. ез.: Monastery libraries in the South Slavic lands and Russia in the 14th-16th c.<br/>Други състав., текст: Тотка Григорова, Елена Белякова, Татяна Пентковска<br/>Възприетата форма на името на състав., текст Татяна Пентковска е Татяна Викторовна Пентковская<br/>Текст и на англ. ез. / прев. Люба Илиева, Констанца Бурлаку
650 #4 - Допълнително описание по предмет – тема
Основно описание – тема или топоним Библиотеки, манастирски
9 (RLIN) 284582
650 #0 - Допълнително описание по предмет – тема
Основно описание – тема или топоним Манастири, български - история
9 (RLIN) 258931
653 ## - Ключова дума – ненормативна
Ключова дума библиотеки
653 ## - Ключова дума – ненормативна
Ключова дума манастири
653 #7 - Ключова дума – ненормативна
Ключова дума албуми
9 (RLIN) 180586
700 1# - Други автори (авторска отговорност)
Лично име Скарпа, Марко
Автороска отговорност (Описва отношението между автора и произведението) текст, състав.
9 (RLIN) 365602
852 ## - Местоположение
Форматна сигнатура Цб ІІ 30983
856 4# - Електронен адрес и достъп
Електронен формат pdf - файл
856 4# - Електронен адрес и достъп
Електронен формат pdf - файл
999 ## - СИСТЕМНИ КОНТРОЛНИ НОМЕРА
Koha biblionumber 471066
Koha biblioitemnumber 471066
942 ## - АРТИКУЛИ
Вид на библиотечния материал Книги
Скрит в OPAC Не
Периодичен библиозапис Да
944 ## - СЪЗДАВАНЕ И РЕДАКЦИЯ на ЗАПИСА
Създаване/Редакция Създаване
Дата на регистрацията/редакция 2022-08-19
Служител, извършил регистрацията/редакцията нр
Наличности
Код за отписване Код за изгубен артикул Източник на класификационната схема Код за повреда Коз за рестрикции Код за отдаване Артикулен № Име на библиотеката - собственик Име на библиотеката, в която се намира в момента Статус (Текущо местоположение) Дата на вписване в системата Местоположение - отдел Цена в лева Систематично азбучна сигнатура Баркод Цена в евро Служебен тип на артикула
  Не е изгубен Universal Decimal Classification Не е повреден само за читалня ползва се в читалня 901058 Регионална библиотека "Любен Каравелов" Русе Регионална библиотека "Любен Каравелов" Русе Хранилище 2022-08-22 Хранилище 7.00 Цб ІІ 30983 120000874582 3.58 Книги
Vip Innovations Ltd, Rousse, Bulgaria 2025